000 00643nam a22002417a 4500
001 BR7303524
003 BR-BrBNA
005 20230928083959.0
007 ta
008 230509b bl.||||| |||| 00| 0 por d
040 _aBR-BrBNA
_bpor
_cBiblioteca Nacional de Agricultura
041 _a(Por)
072 _aF00
_b2110
090 _ 2110 BR7303524
100 1 _aAnon.
245 1 _aGuia turistico do cacau
260 3 _aItabuna, BA (Brasil):
_bPanorama,
_c1964.
300 _a297 p.
500 _a(*) Documento disponível no(a) CEPLAC, Itabuna, BA (Brazil)
650 _aCacau
909 _a202309
_bLucia
_c55
_dLucia Elande
942 _cBK
999 _c16129
_d16129